| 000 | 00781nam a22002537a 4500 | ||
|---|---|---|---|
| 005 | 20170124110055.0 | ||
| 010 | _aA-861454 | ||
| 020 |
_c00.00 _a8171009042 |
||
| 035 | _aA-861454 | ||
| 037 | _bCen Lib/Ret | ||
| 040 |
_aDPL _bEN |
||
| 082 |
_a658.1511 _bMAN |
||
| 245 |
_aManagement accounting and budgeting / _cedited by Devendra Thakur [and] Kamleshwar Mishra |
||
| 246 | _b | ||
| 260 |
_bNew Delhi _aDeep & Deep Publications _c1997 |
||
| 270 |
_aF-159, rajouri garden _bNew Delhi _e110027 |
||
| 300 |
_ax, 237p. _c20cm(Hb) |
||
| 500 | _aIncludes index | ||
| 650 |
_aManagerial accounting _926179 |
||
| 650 |
_aBudget _914428 |
||
| 700 |
_aThakur, Devendra _913947 |
||
| 700 |
_aMishra, Kamleshwar _926180 |
||
| 942 |
_2ddc _cEN _h658.1511 _mMAN |
||
| 999 |
_c129374 _d129374 |
||